International finance : (Record no. 176142)

MARC details
000 -LEADER
fixed length control field 00696nam a2200205 4500
001 - CONTROL NUMBER
control field vtls001488460
003 - CONTROL NUMBER IDENTIFIER
control field MY-SjTCS
005 - DATE AND TIME OF LATEST TRANSACTION
control field 20200226121058.0
008 - FIXED-LENGTH DATA ELEMENTS--GENERAL INFORMATION
fixed length control field 110218 00 eng
020 ## - INTERNATIONAL STANDARD BOOK NUMBER
International Standard Book Number 0023058919
039 #9 - LEVEL OF BIBLIOGRAPHIC CONTROL AND CODING DETAIL [OBSOLETE]
Level of rules in bibliographic description 201102181807
Level of effort used to assign nonsubject heading access points VLOAD
-- 200407271859
-- VLOAD
082 04 - DEWEY DECIMAL CLASSIFICATION NUMBER
Classification number 658.1599
Item number BAK
100 1# - MAIN ENTRY--PERSONAL NAME
Personal name Baker, James C.
Fuller form of name (James Calvin),
Dates associated with a name 1935-
9 (RLIN) 8486
245 10 - TITLE STATEMENT
Title International finance :
Remainder of title management, markets, and institutions /
Statement of responsibility, etc. James C. Baker
260 ## - PUBLICATION, DISTRIBUTION, ETC.
Place of publication, distribution, etc. Upper Saddle River, N.J. :
Name of publisher, distributor, etc. Prentice Hall,
Date of publication, distribution, etc. 1998
300 ## - PHYSICAL DESCRIPTION
Extent xxii, 538 p. ;
Dimensions 26 cm.
650 #0 - SUBJECT ADDED ENTRY--TOPICAL TERM
Topical term or geographic name entry element International business enterprises
General subdivision Finance
9 (RLIN) 8487
650 #0 - SUBJECT ADDED ENTRY--TOPICAL TERM
Topical term or geographic name entry element International finance.
920 ## - Programme
Programme ADP : 91588
Holdings
Withdrawn status Lost status Source of classification or shelving scheme Damaged status Not for loan Home library Current library Date acquired Total Checkouts Barcode Date last seen Date last checked out Copy number Uniform Resource Identifier Koha item type Public note
    Dewey Decimal Classification     Taylor's Library-TU Taylor's Library-TU 27/07/2004 2 5000008001 12/12/2019 24/10/2008 1 Floor 4, Shelf 40 , Side 1, TierNo 7, BayNo 1 Main Collection SLASx,05000,03,CL